000 00706nam a2200169 i 4500
001 48924
003 ES-MaACL
005 20230906161840.0
007 t|
008 030702s1908 sp ||||1| spa d
100 1 _aCorella, Santiago.
_940577
245 1 0 _aDiscursos sobre las admisiones temporales de los trigos y fomento de la irrigación
_b: con motivo del Congreso de la Exportación y de la visita girada a las obras del pantano de la Peña por el Excmo. Sr. Ministro de Fomento /
_cpronunciados por Santiago Corella.
260 _a[S.l. :
_bs.n.,
_c1908] (
_eZaragoza :
_fImp. de Manuel Sevilla)
300 _a24 p. ;
_c17 cm.
650 4 _aTrigo-
_zEspaña.
_9155449
852 _aES-MaACL
_jT-1142-F-4
999 _c48924
_d48924